00818nam a2200205 i 4500001000300000245007300003260006000076300003400136490006700170504001400237651006500251655003000316700002400346830005500370040000800425041000700433080003300440008004100473856009800514bg00aTurystyka w województwie podlaskim /cIzabella Bielawska [et al.]. aBiałystok :bDział Wydawnictw i Poligrafii PB,c2001. a174 s. :bil., mapy ;c23 cm.1 aRozprawy Naukowe / Politechnika Białostocka,x0867-096X ;v77 aBibliogr. 9aBiałystok (woj. podlaskie ; okręg)xturystykayod 1989 r. aPodręczniki akademickie1 aBielawska, Izabella 0aRozprawy Naukowe (Politechnika Białostocka) ;v77 cBPK0 apl a379.85(438)"1989/..."(075.8) s pl f |000 0 pol  uhttp://koha.tu.koszalin.pl/cgi-bin/koha/opac-detail.pl?biblionumber=42452yKatalog online BPK